| 000 | 01053cam a2200301 a 4500 | ||
|---|---|---|---|
| 001 | 4312466 | ||
| 003 | OSt | ||
| 005 | 20150429143349.0 | ||
| 008 | 870320s1987 enk b 000 0 eng | ||
| 010 | _a 87007853 | ||
| 020 |
_a019282080X (pbk.) : _c$9.95 |
||
| 040 |
_aDLC _cDLC _dDLC |
||
| 050 | 0 | 0 |
_aHD75.6 _b.O97 1987 |
| 082 | 0 | 0 |
_a363.7 _219 _bOUR 19877 |
| 245 | 0 | 0 |
_aOur common future / _cWorld Commission on Environment and Development. |
| 260 |
_aOxford ; _aNew York : _bOxford University Press, _c1987. |
||
| 300 |
_axv, 383 p. ; _c21 cm. |
||
| 490 | 0 | _aOxford paperbacks | |
| 504 | _aIncludes bibliographies. | ||
| 650 | 0 |
_aSustainable development. _91103 |
|
| 650 | 0 |
_aNature _xEffect of human beings on. _94353 |
|
| 650 | 0 |
_aEnvironmental policy. _91624 |
|
| 650 | 0 |
_aHuman ecology. _94354 |
|
| 710 | 2 |
_aWorld Commission on Environment and Development. _94355 |
|
| 856 | 4 | 2 |
_3Publisher description _uhttp://www.loc.gov/catdir/enhancements/fy0603/87007853-d.html |
| 906 |
_a7 _bcbc _corignew _d1 _eocip _f19 _gy-gencatlg |
||
| 942 |
_2ddc _cSLOAN |
||
| 999 |
_c1649 _d1649 |
||